Жидкоаргоновый ионизационный детектор для экспериментов по двойному бета-распаду; Приборы и техника эксперимента; № 2

Detaylı Bibliyografya
Parent link:Приборы и техника эксперимента/ Российская академия наук.— , 1956-.— 0032-8162
№ 2.— 2003.— с. 16-23
Diğer Yazarlar: Ашитков В. Д., Барабаш А. С., Белогуров С. Г., Carugno G., Коновалов С. И., Massera F., Puglierin G., Саакян Р. Р., Стеханов В. Н., Юматов В. И.
Dil:Rusça
Baskı/Yayın Bilgisi: 2003
Seri Bilgileri:Техника ядерного эксперимента
Konular:
Materyal Türü: Kitap Bölümü
KOHA link:https://koha.lib.tpu.ru/cgi-bin/koha/opac-detail.pl?biblionumber=427140

MARC

LEADER 00000naa2a2200000 4500
001 427140
005 20231101074625.0
035 |a (RuTPU)RU\TPU\prd\86264 
035 |a RU\TPU\prd\13249 
090 |a 427140 
100 |a 20100903a2003 k y0rusy50 ca 
101 0 |a rus 
102 |a RU 
200 1 |a Жидкоаргоновый ионизационный детектор для экспериментов по двойному бета-распаду  |f В. Д. Ашитков, А. С. Барабаш, С. Г. Белогуров и др. 
225 1 |a Техника ядерного эксперимента 
320 |a Библиогр.: 10 назв. 
461 1 |0 (RuTPU)RU\TPU\prd\300  |x 0032-8162  |t Приборы и техника эксперимента  |f Российская академия наук  |d 1956- 
463 1 |0 (RuTPU)RU\TPU\prd\86261  |t № 2  |v с. 16-23  |d 2003 
610 1 |a ионизационные детекторы 
610 1 |a жидкоаргоновые детекторы 
610 1 |a эксперименты 
610 1 |a бета-распад 
610 1 |a физика элементарных частиц 
675 |a 539.1.074  |v 3 
675 |a 539.165  |v 3 
701 1 |a Ашитков  |b В. Д. 
701 1 |a Барабаш  |b А. С. 
701 1 |a Белогуров  |b С. Г. 
701 1 |a Carugno  |b G. 
701 1 |a Коновалов  |b С. И. 
701 1 |a Massera  |b F. 
701 1 |a Puglierin  |b G. 
701 1 |a Саакян  |b Р. Р. 
701 1 |a Стеханов  |b В. Н. 
701 1 |a Юматов  |b В. И. 
801 1 |a RU  |b 63413507  |c 20030430  |g PSBO 
801 2 |a RU  |b 63413507  |c 20100903  |g PSBO 
942 |c BK